Polskie miasta na literę "U" - Statystyki

Ogólne statystyki
  • Ten quiz został rozwiązany 278 razy
  • Średni wynik to 4 z 8
Statystyki odpowiedzi
ludność miasto % Poprawnych
15 200 Ustka
81%
16 000 Ustroń
69%
9 200 Ustrzyki Dolne
60%
3 000 Uniejów
56%
1 800 Ujazd
44%
3 800 Ujście
37%
1 400 Ulanów
37%
1 700 Urzędów
21%
Nie znaleziono quizów pasujących do podanych kryteriów
Rozkład punktacji
Procent ludzi z każdym wynikiem
Percentyl według liczby udzielonych odpowiedzi
Twoja historia wyników
Nie rozwiązałeś tego quizu